| 000 | 00761nam a2200253 i 4500 | ||
|---|---|---|---|
| 001 | 117819 | ||
| 003 | ES-MaACL | ||
| 005 | 20251015063119.0 | ||
| 007 | t| | ||
| 008 | 070214s1959 sp r ||||1| spa d | ||
| 080 | _a821.131.1-97"19" | ||
| 100 | 1 |
_aPapini, Giovanni, _d1881-1956 _988874 |
|
| 245 | 1 | 0 |
_aJuicio universal / _cGiovanni Papini ; traducción del italiano por Isidoro Martín. |
| 250 | _a1ª ed. | ||
| 260 |
_aBarcelona : _bPlaneta, _c1959. |
||
| 300 |
_aXXIV, 720 p. ; _c21 cm. |
||
| 490 | 1 |
_aOmnibus ; _v17 |
|
| 650 | 4 |
_aJuicio final. _9173212 |
|
| 650 | 4 |
_aEscatología. _912349 |
|
| 700 | 1 |
_aMartín Martínez, Isidoro. _977559 |
|
| 830 | 1 |
_aOmnibus ; _v17 _9177342 |
|
| 852 |
_aES-MaACL _jC-16181 |
||
| 999 |
_c117819 _d117819 |
||